<?xml version="1.0" encoding="UTF-8"?>
<record
    xmlns:xsi="http://www.w3.org/2001/XMLSchema-instance"
    xsi:schemaLocation="http://www.loc.gov/MARC21/slim http://www.loc.gov/standards/marcxml/schema/MARC21slim.xsd"
    xmlns="http://www.loc.gov/MARC21/slim">

  <leader>00849nam a22001697a 4500</leader>
  <controlfield tag="003">SGT</controlfield>
  <datafield tag="020" ind1=" " ind2=" ">
    <subfield code="a">9788120314955</subfield>
  </datafield>
  <datafield tag="082" ind1=" " ind2=" ">
    <subfield code="a">421,SET</subfield>
  </datafield>
  <datafield tag="100" ind1=" " ind2=" ">
    <subfield code="a">SETHI,J</subfield>
  </datafield>
  <datafield tag="245" ind1=" " ind2=" ">
    <subfield code="a">A COURSE IN PHONETICS AND SPOKEN ENGLISH</subfield>
  </datafield>
  <datafield tag="250" ind1=" " ind2=" ">
    <subfield code="a">2ND</subfield>
  </datafield>
  <datafield tag="260" ind1=" " ind2=" ">
    <subfield code="a">NEW DELHI</subfield>
    <subfield code="b">PHI</subfield>
    <subfield code="c">2016</subfield>
  </datafield>
  <datafield tag="300" ind1=" " ind2=" ">
    <subfield code="a">221</subfield>
  </datafield>
  <datafield tag="650" ind1=" " ind2=" ">
    <subfield code="a">SPOKEN ENGLISH</subfield>
  </datafield>
  <datafield tag="653" ind1=" " ind2=" ">
    <subfield code="a">THE ORGANS OF SPEECH. THE DESCRIPTION AND CLASSIFICATION OF SPEECH SOUNDS. THE DESCRIPTION AND CLASSIFICATION OF CONSONANTS. THE DESCRIPTION AND CLASSIFICATION OF VOWELS. PHONETIC TRANSCRIPTION. THE PHONEME. THE SYLLABLE. VARIOUS ACCENTS OF ENGLISH. THE SOUNDS OF ENGLISH_VOWELS. THE SOUNDS OF ENGLISH_CONSONANTS. PHONEME SEQUENCES AND CONSONANT CLUSTERS IN ENGLISH. WORD ACCENT. ACCENT AND RHYTHM IN CONNECTED SPEECH. ASSIMILATION. INTONATION. CONVERSATIONAL PASSAGES FOR PRACTICE. BIBLIOGRAPHY.</subfield>
  </datafield>
  <datafield tag="942" ind1=" " ind2=" ">
    <subfield code="2">ddc</subfield>
    <subfield code="c">BK</subfield>
  </datafield>
  <datafield tag="952" ind1=" " ind2=" ">
    <subfield code="0">0</subfield>
    <subfield code="1">0</subfield>
    <subfield code="2">ddc</subfield>
    <subfield code="4">0</subfield>
    <subfield code="7">0</subfield>
    <subfield code="a">SSSL</subfield>
    <subfield code="b">SSSL</subfield>
    <subfield code="c">TXT</subfield>
    <subfield code="d">2016-09-29</subfield>
    <subfield code="e">AHUJA BOOK</subfield>
    <subfield code="g">225.00</subfield>
    <subfield code="i">SGTU</subfield>
    <subfield code="l">2</subfield>
    <subfield code="o">421,SET</subfield>
    <subfield code="p">AG1953</subfield>
    <subfield code="r">2019-12-10 00:00:00</subfield>
    <subfield code="s">2019-11-26</subfield>
    <subfield code="w">2016-08-01</subfield>
    <subfield code="y">BK</subfield>
    <subfield code="k">7116</subfield>
  </datafield>
  <datafield tag="952" ind1=" " ind2=" ">
    <subfield code="0">0</subfield>
    <subfield code="1">0</subfield>
    <subfield code="2">ddc</subfield>
    <subfield code="4">0</subfield>
    <subfield code="7">0</subfield>
    <subfield code="a">SSSL</subfield>
    <subfield code="b">SSSL</subfield>
    <subfield code="c">TXT</subfield>
    <subfield code="d">2016-09-29</subfield>
    <subfield code="e">AHUJA BOOK</subfield>
    <subfield code="g">225.00</subfield>
    <subfield code="i">SGTU</subfield>
    <subfield code="l">0</subfield>
    <subfield code="o">421,SET</subfield>
    <subfield code="p">AG1954</subfield>
    <subfield code="r">2016-09-29 00:00:00</subfield>
    <subfield code="w">2016-08-01</subfield>
    <subfield code="y">BK</subfield>
    <subfield code="k">7116</subfield>
  </datafield>
  <datafield tag="952" ind1=" " ind2=" ">
    <subfield code="0">0</subfield>
    <subfield code="1">0</subfield>
    <subfield code="2">ddc</subfield>
    <subfield code="4">0</subfield>
    <subfield code="7">0</subfield>
    <subfield code="a">SSSL</subfield>
    <subfield code="b">SSSL</subfield>
    <subfield code="c">TXT</subfield>
    <subfield code="d">2016-09-29</subfield>
    <subfield code="e">AHUJA BOOK</subfield>
    <subfield code="g">225.00</subfield>
    <subfield code="i">SGTU</subfield>
    <subfield code="l">0</subfield>
    <subfield code="o">421,SET</subfield>
    <subfield code="p">AG1955</subfield>
    <subfield code="r">2016-09-29 00:00:00</subfield>
    <subfield code="w">2016-08-01</subfield>
    <subfield code="y">BK</subfield>
    <subfield code="k">7116</subfield>
  </datafield>
  <datafield tag="952" ind1=" " ind2=" ">
    <subfield code="0">0</subfield>
    <subfield code="1">0</subfield>
    <subfield code="2">ddc</subfield>
    <subfield code="4">0</subfield>
    <subfield code="7">0</subfield>
    <subfield code="a">SSSL</subfield>
    <subfield code="b">SSSL</subfield>
    <subfield code="c">TXT</subfield>
    <subfield code="d">2016-09-29</subfield>
    <subfield code="e">AHUJA BOOK</subfield>
    <subfield code="g">225.00</subfield>
    <subfield code="i">SGTU</subfield>
    <subfield code="l">0</subfield>
    <subfield code="o">421,SET</subfield>
    <subfield code="p">AG1956</subfield>
    <subfield code="r">2016-09-29 00:00:00</subfield>
    <subfield code="w">2016-08-01</subfield>
    <subfield code="y">BK</subfield>
    <subfield code="k">7116</subfield>
  </datafield>
  <datafield tag="952" ind1=" " ind2=" ">
    <subfield code="0">0</subfield>
    <subfield code="1">0</subfield>
    <subfield code="2">ddc</subfield>
    <subfield code="4">0</subfield>
    <subfield code="7">0</subfield>
    <subfield code="a">SSSL</subfield>
    <subfield code="b">SSSL</subfield>
    <subfield code="c">TXT</subfield>
    <subfield code="d">2016-09-29</subfield>
    <subfield code="e">AHUJA BOOK</subfield>
    <subfield code="g">225.00</subfield>
    <subfield code="i">SGTU</subfield>
    <subfield code="l">0</subfield>
    <subfield code="o">421,SET</subfield>
    <subfield code="p">AG1957</subfield>
    <subfield code="r">2016-09-29 00:00:00</subfield>
    <subfield code="w">2016-08-01</subfield>
    <subfield code="y">BK</subfield>
    <subfield code="k">7116</subfield>
  </datafield>
  <datafield tag="952" ind1=" " ind2=" ">
    <subfield code="0">0</subfield>
    <subfield code="1">0</subfield>
    <subfield code="2">ddc</subfield>
    <subfield code="4">0</subfield>
    <subfield code="7">0</subfield>
    <subfield code="a">SSSL</subfield>
    <subfield code="b">SSSL</subfield>
    <subfield code="c">TXT</subfield>
    <subfield code="d">2016-09-29</subfield>
    <subfield code="e">AHUJA BOOK</subfield>
    <subfield code="g">225.00</subfield>
    <subfield code="i">SGTU</subfield>
    <subfield code="l">0</subfield>
    <subfield code="o">421,SET</subfield>
    <subfield code="p">AG1958</subfield>
    <subfield code="r">2016-09-29 00:00:00</subfield>
    <subfield code="w">2016-08-01</subfield>
    <subfield code="y">BK</subfield>
    <subfield code="k">7116</subfield>
  </datafield>
  <datafield tag="952" ind1=" " ind2=" ">
    <subfield code="0">0</subfield>
    <subfield code="1">0</subfield>
    <subfield code="2">ddc</subfield>
    <subfield code="4">0</subfield>
    <subfield code="7">1</subfield>
    <subfield code="a">SSSL</subfield>
    <subfield code="b">SSSL</subfield>
    <subfield code="c">REF</subfield>
    <subfield code="d">2016-09-29</subfield>
    <subfield code="e">AHUJA BOOK</subfield>
    <subfield code="g">225.00</subfield>
    <subfield code="i">SGTU</subfield>
    <subfield code="o">421,SET</subfield>
    <subfield code="p">AG1959</subfield>
    <subfield code="r">2016-09-29 00:00:00</subfield>
    <subfield code="w">2016-08-01</subfield>
    <subfield code="y">BK</subfield>
    <subfield code="k">7116</subfield>
  </datafield>
  <datafield tag="952" ind1=" " ind2=" ">
    <subfield code="0">0</subfield>
    <subfield code="1">0</subfield>
    <subfield code="2">ddc</subfield>
    <subfield code="4">0</subfield>
    <subfield code="7">0</subfield>
    <subfield code="a">SSSL</subfield>
    <subfield code="b">SSSL</subfield>
    <subfield code="c">TXT</subfield>
    <subfield code="d">2016-09-29</subfield>
    <subfield code="e">AHUJA BOOK</subfield>
    <subfield code="g">225.00</subfield>
    <subfield code="i">SGTU</subfield>
    <subfield code="l">0</subfield>
    <subfield code="o">421,SET</subfield>
    <subfield code="p">AG1960</subfield>
    <subfield code="r">2016-09-29 00:00:00</subfield>
    <subfield code="w">2016-08-01</subfield>
    <subfield code="y">BK</subfield>
    <subfield code="k">7116</subfield>
  </datafield>
  <datafield tag="952" ind1=" " ind2=" ">
    <subfield code="0">0</subfield>
    <subfield code="1">0</subfield>
    <subfield code="2">ddc</subfield>
    <subfield code="4">0</subfield>
    <subfield code="7">0</subfield>
    <subfield code="a">SSSL</subfield>
    <subfield code="b">SSSL</subfield>
    <subfield code="c">TXT</subfield>
    <subfield code="d">2016-09-29</subfield>
    <subfield code="e">AHUJA BOOK</subfield>
    <subfield code="g">225.00</subfield>
    <subfield code="i">SGTU</subfield>
    <subfield code="l">2</subfield>
    <subfield code="o">421,SET</subfield>
    <subfield code="p">AG1961</subfield>
    <subfield code="r">2019-10-04 00:00:00</subfield>
    <subfield code="s">2019-09-25</subfield>
    <subfield code="w">2016-08-01</subfield>
    <subfield code="y">BK</subfield>
    <subfield code="k">7116</subfield>
  </datafield>
  <datafield tag="952" ind1=" " ind2=" ">
    <subfield code="0">0</subfield>
    <subfield code="1">0</subfield>
    <subfield code="2">ddc</subfield>
    <subfield code="4">0</subfield>
    <subfield code="7">0</subfield>
    <subfield code="a">SSSL</subfield>
    <subfield code="b">SSSL</subfield>
    <subfield code="c">TXT</subfield>
    <subfield code="d">2016-09-29</subfield>
    <subfield code="e">AHUJA BOOK</subfield>
    <subfield code="g">225.00</subfield>
    <subfield code="i">SGTU</subfield>
    <subfield code="l">1</subfield>
    <subfield code="o">421,SET</subfield>
    <subfield code="p">AG1962</subfield>
    <subfield code="r">2017-01-30 00:00:00</subfield>
    <subfield code="s">2017-01-23</subfield>
    <subfield code="w">2016-08-01</subfield>
    <subfield code="y">BK</subfield>
    <subfield code="k">7116</subfield>
  </datafield>
  <datafield tag="999" ind1=" " ind2=" ">
    <subfield code="c">9972</subfield>
    <subfield code="d">9972</subfield>
  </datafield>
</record>
